<?xml version="1.0" encoding="UTF-8"?>
<record
    xmlns:xsi="http://www.w3.org/2001/XMLSchema-instance"
    xsi:schemaLocation="http://www.loc.gov/MARC21/slim http://www.loc.gov/standards/marcxml/schema/MARC21slim.xsd"
    xmlns="http://www.loc.gov/MARC21/slim">

  <leader>01197nam a22002537a 4500</leader>
  <controlfield tag="003">BI-BuBU</controlfield>
  <controlfield tag="008">250122b2023    bd     fr|||| 000 0 fre d</controlfield>
  <datafield tag="037" ind1=" " ind2=" ">
    <subfield code="b">don de l'auteur</subfield>
  </datafield>
  <datafield tag="039" ind1=" " ind2=" ">
    <subfield code="a">20250122145300.0</subfield>
    <subfield code="b">Edouard Niyonkuru</subfield>
  </datafield>
  <datafield tag="040" ind1=" " ind2=" ">
    <subfield code="a">BI-BuBU</subfield>
    <subfield code="b">Fre</subfield>
    <subfield code="c">BI-BuBU</subfield>
    <subfield code="d">BI-BuBU</subfield>
  </datafield>
  <datafield tag="041" ind1="0" ind2=" ">
    <subfield code="a">Fre</subfield>
  </datafield>
  <datafield tag="080" ind1=" " ind2=" ">
    <subfield code="a">551.482.4</subfield>
  </datafield>
  <datafield tag="100" ind1="1" ind2=" ">
    <subfield code="4">aut</subfield>
    <subfield code="a">Irababaruta, Martial</subfield>
  </datafield>
  <datafield tag="245" ind1="1" ind2=" ">
    <subfield code="a">Contribution &#xE0; la mod&#xE9;lisation hydrologique au Burundi par adaptation de 3 mod&#xE8;les hydrologiques usuels et par configuration d'un mod&#xE8;le mixte</subfield>
    <subfield code="b">Cas des bassins versant des rivi&#xE8;res Ntahangwa et Ruvyironza</subfield>
    <subfield code="c">Martial Irabaruta ; Jean Claude Mvuyekure, directeur</subfield>
  </datafield>
  <datafield tag="260" ind1=" " ind2=" ">
    <subfield code="a">Bujumbura</subfield>
    <subfield code="b">Universit&#xE9; du Bururundi : Facult&#xE9; des Sciences de l'ing&#xE9;nieur</subfield>
  </datafield>
  <datafield tag="300" ind1=" " ind2=" ">
    <subfield code="a">XVII-93 f.</subfield>
    <subfield code="c">30 cm.</subfield>
  </datafield>
  <datafield tag="500" ind1=" " ind2=" ">
    <subfield code="a">M&#xE9;moire pr&#xE9;sent&#xE9; et soutenu publiquement en vue de l'obtention du grade de master en G&#xE9;nie Civil, Am&#xE9;nagement et Maitrise des Projets</subfield>
  </datafield>
  <datafield tag="650" ind1=" " ind2="7">
    <subfield code="2">BI-BuBU</subfield>
    <subfield code="a">Bassin versant</subfield>
    <subfield code="x">Hydrologie</subfield>
    <subfield code="x">Contribution</subfield>
    <subfield code="x">Ruvyironza</subfield>
  </datafield>
  <datafield tag="650" ind1=" " ind2="7">
    <subfield code="a">Bassin versant</subfield>
    <subfield code="x">Hydrologie</subfield>
    <subfield code="x">Contribution</subfield>
    <subfield code="x">Ruvyironza</subfield>
    <subfield code="2">BI-BuBU</subfield>
  </datafield>
  <datafield tag="655" ind1=" " ind2="7">
    <subfield code="2">BI-BuBU</subfield>
    <subfield code="a">M&#xE9;moire</subfield>
  </datafield>
  <datafield tag="700" ind1="1" ind2=" ">
    <subfield code="4">Dir.</subfield>
    <subfield code="a">Jean Claude Mvuyekure</subfield>
  </datafield>
  <datafield tag="942" ind1=" " ind2=" ">
    <subfield code="2">udc</subfield>
    <subfield code="c">MEM</subfield>
  </datafield>
  <datafield tag="999" ind1=" " ind2=" ">
    <subfield code="c">51418</subfield>
    <subfield code="d">51418</subfield>
  </datafield>
  <datafield tag="952" ind1=" " ind2=" ">
    <subfield code="0">0</subfield>
    <subfield code="1">0</subfield>
    <subfield code="2">udc</subfield>
    <subfield code="4">0</subfield>
    <subfield code="7">1</subfield>
    <subfield code="9">82856</subfield>
    <subfield code="a">BC</subfield>
    <subfield code="b">BC</subfield>
    <subfield code="d">2025-01-22</subfield>
    <subfield code="e">Don de l'auteur</subfield>
    <subfield code="l">0</subfield>
    <subfield code="o">R.551.482.4 IRA.</subfield>
    <subfield code="p">5010000480691</subfield>
    <subfield code="r">2025-01-22</subfield>
    <subfield code="t">1</subfield>
    <subfield code="w">2025-01-22</subfield>
    <subfield code="y">MEM</subfield>
    <subfield code="i">240951</subfield>
  </datafield>
  <datafield tag="952" ind1=" " ind2=" ">
    <subfield code="0">0</subfield>
    <subfield code="1">0</subfield>
    <subfield code="2">udc</subfield>
    <subfield code="4">0</subfield>
    <subfield code="7">1</subfield>
    <subfield code="9">84323</subfield>
    <subfield code="a">BKIRIRI </subfield>
    <subfield code="b">BKIRIRI </subfield>
    <subfield code="d">2025-09-09</subfield>
    <subfield code="e">Don de l'auteur</subfield>
    <subfield code="l">0</subfield>
    <subfield code="o">551.482.4 IRA.M.2023</subfield>
    <subfield code="p">5010000526818</subfield>
    <subfield code="r">2025-09-09</subfield>
    <subfield code="t">1</subfield>
    <subfield code="w">2025-09-09</subfield>
    <subfield code="y">MEM</subfield>
  </datafield>
</record>
